书目信息 |
| 题名: |
傅雷的最后17年
|
|
| 作者: | 叶凯 著 | |
| 分册: | ||
| 出版信息: | 北京 中国文史出版社 2005.08 |
|
| 页数: | 288页 | |
| 开本: | 24cm | |
| 丛书名: | "长廊与背影"书系 | |
| 单 册: | ||
| 中图分类: | K825.6 | |
| 科图分类: | ||
| 主题词: | ||
| 电子资源: | ||
| ISBN: | 7-5034-1662-9 | |
| 000 | 00786nam 2200253 450 | |
| 001 | 1038192327 | |
| 005 | 20100713104012.12 | |
| 010 | @a7-5034-1662-9@dCNY28.00 | |
| 100 | @a20100515d2005 km y0chiy0120 ea | |
| 101 | 0 | @achi |
| 102 | @aCN@b110000 | |
| 105 | @ay z 000yy | |
| 200 | 1 | @a傅雷的最后17年@Afu lei de zui hou 17 nian@f叶凯著@Fye kai zhu |
| 210 | @a北京@c中国文史出版社@d2005.08 | |
| 215 | @a288页@d24cm | |
| 225 | 2 | @a"长廊与背影"书系 |
| 330 | @a本书共分九章,包括:上海一家人;催人老的这一年;傅聪的叛逃让父亲“多活了十年”;在大饥荒的日子里;道不完的身后事等内容。 | |
| 410 | 0 | @12001 @a"长廊与背影"书系 |
| 600 | 0 | @a傅雷@f1908-1966@x传记 |
| 606 | @0 | |
| 690 | @aK825.6@v4 | |
| 701 | 0 | @a叶凯@Aye kai@4著 |
| 801 | 0 | @aCN@c20100515 |
| 905 | @dK825.6@eF933-2@f3 | |
| 傅雷的最后17年/叶凯著.-北京:中国文史出版社,2005.08 |
| 288页;24cm.-("长廊与背影"书系) |
| ISBN 7-5034-1662-9:CNY28.00 |
| 本书共分九章,包括:上海一家人;催人老的这一年;傅聪的叛逃让父亲“多活了十年”;在大饥荒的日子里;道不完的身后事等内容。 |
| ● |
| 相关链接 |
|
|
|
正题名:傅雷的最后17年
索取号:K825.6/F933-2
 
预约/预借
| 序号 | 登录号 | 条形码 | 馆藏地/架位号 | 状态 | 备注 |
| 1 | 990834 | 209908340 | 社科库309/309社科库 51排3列2层/ [索取号:K825.6/F933-2] | 在馆 | |
| 2 | 990835 | 209908359 | 社科库309/ [索取号:K825.6/F933-2] | 在馆 | |
| 3 | 990836 | 209908368 | 社科库309/309社科库 51排3列2层/ [索取号:K825.6/F933-2] | 在馆 |